[Event "TCh-POL Ekstraliga 2017"]
[Site "Gorzow Wielkopolski POL"]
[Date "2017.05.07"]
[Round "3.4"]
[White "Cukrowski,F"]
[Black "Kanarek,M"]
[Result "0-1"]
[WhiteElo "2431"]
[BlackElo "2519"]

1.e4 c5 2.Nf3 d6 3.d4 Nf6 4.Nc3 cxd4 5.Nxd4 a6 6.Bg5 e6 7.f4 h6 8.Bh4 Qb6
9.Qd3 Qxb2 10.Rb1 Qa3 11.Be2 Be7 12.O-O Nbd7 13.Bf2 Qa5 14.Qg3 g5 15.f5 e5
16.Nb3 Qc7 17.a4 b6 18.Nd2 Bb7 19.Rb3 d5 20.exd5 Nxd5 21.Nxd5 Bxd5 22.c4 Bc6
23.Bf3 Rd8 24.Re1 Bxa4 25.Rd3 Bc2 26.Rd5 Bxf5 27.Bd4 Be6 28.Rexe5 Nf6 29.Rxe6
Qxg3 30.Rxe7+ Kxe7 31.hxg3 Nxd5 32.Bxd5 Rxd5 33.cxd5 Rd8 34.Bxb6 Rxd5 35.Nc4
Kd7 36.Be3 Kc6 37.Kf2 Kb5 38.Nd2 Kb4 39.Ke2 a5 40.Ne4 a4 41.g4 a3 42.Bc1 Kb3
43.Bxa3 Kxa3 44.Ng3 Kb4 45.Ke3 Kc5 46.Ne4+ Kc6 47.Nf6 Rd6 48.Ne4 Rd8 49.Ng3
Kd5 50.Nf5 Rh8 {#R} 0-1

[Event "TCh-POL Ekstraliga 2017"]
[Site "Gorzow Wielkopolski POL"]
[Date "2017.05.07"]
[Round "3.5"]
[White "Klim,K"]
[Black "Dubinski,M"]
[Result "1-0"]
[WhiteElo "2364"]
[BlackElo "2275"]

1.d4 d5 2.c4 c6 3.Nf3 Nf6 4.e3 e6 5.Nc3 Nbd7 6.Qc2 Bd6 7.Bd2 a6 8.e4 dxe4
9.Nxe4 Nxe4 10.Qxe4 Qe7 11.c5 Bc7 12.Bc4 e5 13.O-O Nf6 14.Qh4 e4 15.Ng5 Nd5
16.Qxe4 Qxe4 17.Nxe4 Be6 18.Ng5 h6 19.Nxe6 fxe6 20.Rfe1 Kd7 21.g3 g5 22.Re4
Rae8 23.Rae1 Bd8 24.Bf1 h5 25.Bh3 g4 26.Bf1 Rhg8 27.Bc4 Bf6 28.Bf4 Bg7 29.Be5
Bh6 30.h3 Rg6 31.hxg4 hxg4 32.Kg2 Reg8 33.Rh1 Nf6 34.Re2 Bf8 35.Bd3 {#r} 1-0

[Event "TCh-POL Ekstraliga 2017"]
[Site "Gorzow Wielkopolski POL"]
[Date "2017.05.07"]
[Round "3.6"]
[White "Szczepkowska Horowska,K"]
[Black "Wisniowska,K"]
[Result "1-0"]
[WhiteElo "2408"]
[BlackElo "2157"]

1.d4 Nf6 2.c4 g6 3.Nc3 Bg7 4.e4 d6 5.Bd3 O-O 6.Nge2 Nc6 7.O-O Nd7 8.Be3 a6
9.Rb1 e5 10.d5 Nd4 11.b4 c5 12.dxc6 bxc6 13.a4 a5 14.b5 c5 15.Nd5 Bb7 16.Nec3
f5 17.exf5 gxf5 18.f4 e4 19.Be2 Kh8 20.Bf2 Nb6 21.Nxb6 Qxb6 22.Nd5 Bxd5
23.cxd5 Rg8 24.Kh1 Bf6 25.Bc4 Rg4 26.h3 Rg6 27.Qh5 Rf8 28.Be1 Rfg8 29.Rb2 Bg7
30.Ra2 Qc7 31.Qd1 Qb6 32.Be2 Rh6 33.Ra3 Bf6 34.Rg3 Rxg3 35.Bxg3 Bh4 36.Bxh4
Rxh4 37.Bh5 c4 38.g3 Rxh5 39.Qxh5 Qc7 40.Qg5 Ne2 41.Kh2 c3 42.Qxf5 Qe7 43.Qc8+
Kg7 44.Qg4+ {#r} 1-0

[Event "TCh-POL Ekstraliga 2017"]
[Site "Gorzow Wielkopolski POL"]
[Date "2017.05.07"]
[Round "3.1"]
[White "Klekowski,M"]
[Black "Wojtaszek,R"]
[Result "0-1"]
[WhiteElo "2473"]
[BlackElo "2734"]

1.c4 e5 2.Nc3 Nf6 3.g3 Bb4 4.Bg2 O-O 5.Nf3 Nc6 6.O-O d6 7.d3 Re8 8.e4 Bg4 9.h3
Bxf3 10.Bxf3 Bc5 11.Bg2 Nd4 12.Kh2 c6 13.f4 b5 14.f5 Nd7 15.cxb5 Nxb5 16.g4
Nxc3 17.bxc3 Rb8 18.d4 Bb6 19.g5 exd4 20.cxd4 c5 21.e5 dxe5 22.Bd5 exd4 23.g6
Ne5 24.Bxf7+ Nxf7 25.Qh5 Qd5 26.Qxh7+ Kf8 27.Qh5 d3 28.Kg3 Bc7+ 29.Bf4 Re3+
{#R} 0-1

[Event "TCh-POL Ekstraliga 2017"]
[Site "Gorzow Wielkopolski POL"]
[Date "2017.05.07"]
[Round "3.2"]
[White "Areshchenko,A"]
[Black "Matuszewski,Mi"]
[Result "0-1"]
[WhiteElo "2677"]
[BlackElo "2485"]

1.e4 c5 2.Nf3 d6 3.d4 cxd4 4.Nxd4 Nf6 5.Nc3 a6 6.h3 e5 7.Nde2 h5 8.g3 Be6
9.Bg2 Be7 10.a4 Nc6 11.Nd5 Bxd5 12.exd5 Na5 13.b3 O-O 14.O-O Rc8 15.Be3 Nd7
16.Qd2 b6 17.Kh1 Nb7 18.f4 exf4 19.gxf4 Bf6 20.Rac1 Qc7 21.Ng3 h4 22.Ne4 Bb2
23.Rb1 Bf6 24.c4 Nbc5 25.Nf2 Rfe8 26.Bf3 Re7 27.Rg1 Rce8 28.Ng4 Ne4 29.Bxe4
Rxe4 30.Qg2 Qd8 31.Bf2 Kf8 32.Qf3 Re2 33.Rg2 Qe7 34.Ne5 Rxf2 35.Nxd7+ Qxd7
36.Rxf2 Bd4 37.Rh2 Qf5 38.Rd1 Re3 39.Qg2 Rg3 40.Qe2 Re3 41.Qg2 Rg3 42.Qe2 Be3
43.Rg2 Qe4 44.Kh2 Qxf4 45.Re1 Rf3+ 46.Kh1 Rxh3+ 47.Rh2 Qe4+ {#R} 0-1

[Event "TCh-POL Ekstraliga 2017"]
[Site "Gorzow Wielkopolski POL"]
[Date "2017.05.07"]
[Round "3.5"]
[White "Druska,J"]
[Black "Socko,B"]
[Result "0-1"]
[WhiteElo "2430"]
[BlackElo "2583"]

1.e4 c6 2.d4 d5 3.e5 Bf5 4.h4 h5 5.Bd3 Bxd3 6.Qxd3 e6 7.Bg5 Qb6 8.Nd2 c5 9.c4
Nc6 10.Ngf3 cxd4 11.O-O Nge7 12.Rfc1 Qa6 13.Nxd4 Nxd4 14.Qxd4 Rd8 15.Qf4 d4
16.Ne4 Ng6 17.Qg3 Rd7 18.f4 Qc6 19.Qd3 Be7 20.Bxe7 Nxe7 21.Nd6+ Rxd6 22.exd6
Qxd6 23.c5 Qd7 24.b4 O-O 25.b5 Rc8 26.Rc4 Qxb5 27.Rb1 Qa5 28.Qxd4 Nf5 29.Ra4
Qc7 30.Qf2 a6 31.Rab4 Qxc5 32.Qxc5 Rxc5 33.Rxb7 Nxh4 34.Ra7 Rc2 35.g3 Nf3+
{#R} 0-1

[Event "TCh-POL Ekstraliga 2017"]
[Site "Gorzow Wielkopolski POL"]
[Date "2017.05.07"]
[Round "3.6"]
[White "Socko,M"]
[Black "Leks,M"]
[Result "1-0"]
[WhiteElo "2481"]
[BlackElo "2129"]

1.e4 d6 2.d4 Nf6 3.Nc3 e5 4.Nf3 Nbd7 5.Bc4 Be7 6.a4 a6 7.O-O O-O 8.h3 b6 9.Qe2
c6 10.Rd1 Qc7 11.d5 c5 12.Be3 Ne8 13.Rf1 g6 14.Bh6 Ng7 15.g4 Kh8 16.Kh2 Nf6
17.Ne1 Ng8 18.Bd2 f5 19.f3 f4 20.Nd3 g5 21.b4 h5 22.Rab1 Rf6 23.bxc5 bxc5
24.Nf2 Rh6 25.Kg2 Bd8 26.Rg1 Nf6 27.a5 Qd7 28.Ra1 Qf7 29.Na4 Bd7 30.Nb6 Bxb6
31.axb6 hxg4 32.fxg4 Nxg4 33.Nxg4 Rxh3 34.Kxh3 f3 35.Qh2 f2 36.Kg2+ Nh5
37.Qxh5+ Qxh5 38.Rh1 Bxg4 39.Rxh5+ Bxh5 40.Rh1 {#r} 1-0

[Event "TCh-POL Ekstraliga 2017"]
[Site "Gorzow Wielkopolski POL"]
[Date "2017.05.07"]
[Round "3.5"]
[White "Nowak,Kamil"]
[Black "Tomaszewski,R"]
[Result "1-0"]
[WhiteElo "2354"]
[BlackElo "2297"]

1.e4 c6 2.d4 d5 3.Nc3 dxe4 4.Nxe4 Bf5 5.Ng3 Bg6 6.h4 h6 7.Nf3 Nf6 8.h5 Bh7
9.Bd3 Bxd3 10.Qxd3 e6 11.Bd2 c5 12.O-O-O Nc6 13.Bc3 Qd5 14.Kb1 c4 15.Qe2 b5
16.Nf1 Qd7 17.Ne3 Nd5 18.Nxd5 Qxd5 19.Ne5 Rc8 20.a3 Bd6 21.f4 O-O 22.g4 f6
23.Ng6 Rfe8 24.g5 f5 25.gxh6 gxh6 26.Rhg1 Kh7 27.Ne5 Rc7 28.Qe3 Ne7 29.Qg3 Rg8
30.Qh4 Bxe5 31.fxe5 Qd7 32.Rxg8 Nxg8 33.d5 Qf7 {#r} 1-0

[Event "TCh-POL Ekstraliga 2017"]
[Site "Gorzow Wielkopolski POL"]
[Date "2017.05.07"]
[Round "3.3"]
[White "Wieczorek,Z"]
[Black "Czarnota,P"]
[Result "0-1"]
[WhiteElo "2308"]
[BlackElo "2561"]

1.Nf3 Nf6 2.g3 g6 3.c4 Bg7 4.Bg2 O-O 5.O-O d6 6.Nc3 e5 7.d3 Nc6 8.Rb1 a5 9.a3
h6 10.b4 axb4 11.axb4 Be6 12.b5 Ne7 13.Bb2 Nd7 14.Nd2 c6 15.Ra1 d5 16.Rxa8
Qxa8 17.Qb3 dxc4 18.Nxc4 Nf5 19.Ra1 Qc8 20.bxc6 bxc6 21.Ne4 Qc7 22.Qa4 Rb8
23.Bc3 Bd5 24.Rc1 Qd8 25.Qa5 Qxa5 26.Nxa5 Rb6 27.e3 Kf8 28.Nd2 Nd6 29.e4 Be6
30.Ba1 c5 31.Bf3 h5 32.Bd1 Bh6 33.Bc3 Nb5 34.Nac4 Bxc4 {#R} 0-1

[Event "TCh-POL Ekstraliga 2017"]
[Site "Gorzow Wielkopolski POL"]
[Date "2017.05.07"]
[Round "3.4"]
[White "Warakomski,T"]
[Black "Jaworski,Mi"]
[Result "1-0"]
[WhiteElo "2511"]
[BlackElo "2236"]

1.e4 c5 2.Nf3 d6 3.d4 cxd4 4.Nxd4 Nf6 5.Nc3 a6 6.Bc4 e6 7.O-O b5 8.Bb3 Be7
9.Qf3 Qb6 10.Be3 Qb7 11.a3 Nc6 12.Nxc6 Qxc6 13.Rfe1 Bb7 14.Bd4 O-O 15.Qg3 Rfd8
16.f3 Ne8 17.Kh1 Bf6 18.Nd5 exd5 19.exd5 Qd7 20.Rxe8+ Rxe8 21.Bxf6 g6 22.Qf4
Qf5 23.Qxf5 gxf5 24.Kg1 Re2 25.Kf1 Rae8 26.Bc3 R2e3 27.Rd1 Rxc3 28.bxc3 Rc8
29.Rd3 a5 30.Ke1 a4 31.Ba2 Kg7 32.f4 Rc5 33.Kd2 Kf6 34.Ke3 Rc8 35.Kd4 Ba6
36.Rh3 Kg6 37.Re3 Kf6 38.Re1 h5 39.c4 bxc4 40.Rb1 Ke7 41.Rb4 c3 42.Rxa4 Bf1
43.g3 h4 44.Bc4 hxg3 45.hxg3 {#r} 1-0

[Event "TCh-POL Ekstraliga 2017"]
[Site "Gorzow Wielkopolski POL"]
[Date "2017.05.07"]
[Round "3.5"]
[White "Orzechowski,J"]
[Black "Szelag,M"]
[Result "0-1"]
[WhiteElo "2087"]
[BlackElo "2466"]

1.Nf3 Nf6 2.c4 g6 3.Nc3 Bg7 4.d4 O-O 5.e4 d6 6.Be3 Na6 7.Be2 Ng4 8.Bg5 f6
9.Bd2 e5 10.h3 Nh6 11.Qc1 Nf7 12.d5 f5 13.Ng5 Nc5 14.b4 Nxe4 15.Ngxe4 fxe4
16.Nxe4 Bf5 17.Ng3 e4 18.Bc3 Qh4 19.Bxg7 Kxg7 20.Nxf5+ gxf5 21.Qc3+ Ne5
22.Qg3+ Qxg3 23.fxg3 a5 24.bxa5 Rxa5 25.O-O Ra3 26.Kh2 Kg6 27.Rf4 Re3 28.Bf1
Ra8 29.a4 b6 30.Ra2 h5 31.Raf2 Rxa4 32.Be2 Ra8 33.Rh4 Rh8 34.g4 hxg4 35.Rxh8
g3+ 36.Kg1 gxf2+ 37.Kxf2 Rc3 38.Rg8+ Kh7 39.Rg3 Rc2 40.Ke3 f4+ {#R} 0-1

[Event "TCh-POL Ekstraliga 2017"]
[Site "Gorzow Wielkopolski POL"]
[Date "2017.05.07"]
[Round "3.6"]
[White "Warakomska,A"]
[Black "Zemlickova,Olena"]
[Result "1-0"]
[WhiteElo "2273"]
[BlackElo "2066"]

1.e4 d6 2.d4 e5 3.Nf3 Nd7 4.Nc3 Ngf6 5.Bc4 Be7 6.O-O O-O 7.Re1 c6 8.a4 b6
9.Ba2 a6 10.h3 h6 11.Be3 Re8 12.Qe2 Bb7 13.dxe5 dxe5 14.Nh4 b5 15.Nf5 Bf8
16.Qf3 b4 17.Nb1 c5 18.Nd2 Qb6 19.Qg3 g5 20.Bxg5 hxg5 21.Qxg5+ Kh8 22.Bxf7 Nh7
23.Qg8# 1-0

[Event "ch-CZE 2017"]
[Site "Ostrava CZE"]
[Date "2017.05.06"]
[Round "8.1"]
[White "Cernousek,L"]
[Black "Navara,D"]
[Result "0-1"]
[WhiteElo "2462"]
[BlackElo "2732"]

1.d4 f5 2.c4 Nf6 3.Nc3 d6 4.Bg5 Nbd7 5.Qc2 g6 6.O-O-O Bg7 7.h4 c6 8.e3 h6
9.Bxf6 Nxf6 10.Nh3 O-O 11.Bd3 Qe8 12.h5 g5 13.Bxf5 Bxf5 14.Qxf5 Qf7 15.g4 b5
16.cxb5 cxb5 17.d5 b4 18.Ne4 Nxe4 19.Qxe4 b3 20.axb3 Rfb8 21.Rd3 a5 22.f3 a4
23.Qe6 Qxe6 24.dxe6 a3 25.bxa3 Rxa3 26.Nf2 Rf8 27.e4 Be5 28.Kd1 Rc8 29.Ke2
Rc2+ 30.Kf1 Raa2 31.Nd1 Kf8 32.Rg1 Ke8 33.Rh1 Kd8 34.Rh3 Bf4 35.Rh1 Bg3 36.Rh3
Rg2 37.Rh1 Rge2 38.Re3 Red2 {#R} 0-1

[Event "ch-CZE 2017"]
[Site "Ostrava CZE"]
[Date "2017.05.06"]
[Round "8.2"]
[White "Stocek,J"]
[Black "Biolek,R1"]
[Result "1-0"]
[WhiteElo "2560"]
[BlackElo "2445"]

1.c4 Nf6 2.Nc3 g6 3.d4 Bg7 4.e4 d6 5.Be2 O-O 6.Be3 e5 7.Nf3 Ng4 8.Bg5 f6 9.Bc1
Nh6 10.O-O Nf7 11.Be3 Nc6 12.c5 f5 13.exf5 Bxf5 14.cxd6 exd4 15.Nxd4 Nxd4
16.Bxd4 Bxd4 17.Qxd4 Qxd6 18.Qa4 Bd7 19.Qb3 Bc6 20.Rad1 Qe5 21.Bb5 Bxb5
22.Nxb5 Rfe8 23.Nd4 c5 24.Nf3 Qc7 25.Qc4 Rad8 26.h4 Kf8 27.Rxd8 Rxd8 28.Rc1 b6
29.Nd4 {#r} 1-0

[Event "ch-CZE 2017"]
[Site "Ostrava CZE"]
[Date "2017.05.06"]
[Round "8.4"]
[White "Hracek,Z"]
[Black "Blatny,P"]
[Result "1-0"]
[WhiteElo "2610"]
[BlackElo "2388"]

1.e4 b6 2.d4 Bb7 3.Bd3 e6 4.Nf3 Ne7 5.O-O g6 6.c4 Bg7 7.Nc3 d6 8.Be3 Nd7 9.Qd2
h6 10.Bc2 a6 11.b4 g5 12.h3 Nf6 13.Rad1 g4 14.Nh2 gxh3 15.g3 h5 16.Qe2 Ng4
17.Bg5 f6 18.Bc1 Kf7 19.d5 e5 20.Nxg4 hxg4 21.Kh2 Bc8 22.c5 Bh6 23.Bxh6 Rxh6
24.cxb6 cxb6 25.Rc1 Rg6 26.Nd1 Ra7 27.Ne3 Kg7 28.Bd3 Rg5 29.Rc3 a5 30.b5 Bd7
31.Rfc1 Rb7 32.Qc2 Rb8 33.Rc7 Kg6 34.a4 Kh5 35.Qd1 Kg6 36.Be2 f5 37.exf5+ Bxf5
38.Nxf5 Nxf5 39.Bxg4 Qf6 40.R1c6 e4 41.Bxf5+ Kxf5 42.Qc2 Re8 43.Rxb6 Qd4
44.Rxd6 Rf8 45.Rf7+ {#r} 1-0

[Event "ch-CZE 2017"]
[Site "Ostrava CZE"]
[Date "2017.05.06"]
[Round "8.5"]
[White "Nguyen,Thai Dai Van"]
[Black "Krejci,Jan2"]
[Result "1-0"]
[WhiteElo "2441"]
[BlackElo "2520"]

1.e4 e5 2.Bc4 Nf6 3.d3 c6 4.Nf3 Be7 5.O-O d6 6.Re1 Nbd7 7.c3 O-O 8.Bb3 h6
9.Nbd2 Re8 10.d4 Qc7 11.Nf1 Nf8 12.Ng3 Ng6 13.h3 Bf8 14.Bc2 Bd7 15.Be3 Rad8
16.Qc1 Bc8 17.a4 a5 18.b3 b6 19.Qb2 Bb7 20.Rad1 Rb8 21.Qc1 Bc8 22.Bd3 Bd7
23.Qc2 Rec8 24.Nf5 b5 25.g4 bxa4 26.bxa4 c5 27.dxc5 d5 28.exd5 Nxd5 29.Nxh6+
gxh6 30.Bxg6 Nxe3 31.Bxf7+ Kh8 32.Qg6 Bg7 33.Ng5 {#r} 1-0

[Event "ch-CZE 2017"]
[Site "Ostrava CZE"]
[Date "2017.05.06"]
[Round "8.8"]
[White "Babula,V"]
[Black "Haba,P"]
[Result "1-0"]
[WhiteElo "2559"]
[BlackElo "2458"]

1.d4 d5 2.c4 c6 3.Nf3 Nf6 4.e3 e6 5.Bd3 dxc4 6.Bxc4 Nbd7 7.O-O Bd6 8.Nc3 O-O
9.e4 e5 10.Be3 exd4 11.Bxd4 Qc7 12.Bb3 Ne5 13.Nxe5 Bxe5 14.Bxe5 Qxe5 15.f4
Qc5+ 16.Kh1 Be6 17.e5 Bxb3 18.Qxb3 Nd5 19.Ne4 Qe7 20.Rae1 f6 21.exf6 gxf6
22.Nc3 Qf7 23.Nxd5 Qxd5 24.Qxb7 Rab8 25.Qxa7 Rxb2 26.Rf3 Kh8 27.Rg3 Rg8 28.Qe7
{#r} 1-0

[Event "ch-CZE 2017"]
[Site "Ostrava CZE"]
[Date "2017.05.06"]
[Round "8.9"]
[White "Kolar,St"]
[Black "Plat,V"]
[Result "0-1"]
[WhiteElo "2094"]
[BlackElo "2510"]

1.Nf3 d6 2.d4 Nf6 3.c4 c6 4.Nc3 Bf5 5.e3 Nbd7 6.Be2 e5 7.Nh4 Bg6 8.O-O Ne4
9.g3 Nxc3 10.bxc3 Be7 11.Ng2 Nf6 12.Qb3 Qc7 13.Ba3 O-O 14.Nh4 e4 15.Rab1 b6
16.Nxg6 hxg6 17.f3 exf3 18.Bxf3 d5 19.cxd5 cxd5 20.Rfe1 Bxa3 21.Qxa3 Rac8
22.Rbc1 Rfe8 23.Qb3 Qd7 24.c4 dxc4 25.Rxc4 Qf5 26.Rxc8 Rxc8 27.e4 Qa5 28.Kf2
Qd2+ 29.Re2 Qxd4+ 30.Kg2 Rc3 31.Qb5 Rc5 32.Qa6 Rc1 33.Qb5 Qg1+ 34.Kh3 Rc5
35.Qb3 Qf1+ 36.Rg2 Nh7 37.Qd1 Ng5+ 38.Kg4 Qc4 39.Qd8+ Kh7 40.Qe7 f5+ 41.Kxg5
Qc1+ {#R} 0-1

[Event "ch-CZE 2017"]
[Site "Ostrava CZE"]
[Date "2017.05.06"]
[Round "8.12"]
[White "Obsivac,J"]
[Black "Dolezal,Ra1"]
[Result "1-0"]
[WhiteElo "2361"]
[BlackElo "2399"]

1.d4 Nf6 2.c4 e6 3.Nf3 c6 4.Nc3 d5 5.Bg5 Bb4 6.Qb3 Be7 7.e3 Nbd7 8.Rc1 O-O
9.Bd3 a6 10.Bb1 b5 11.c5 Ne8 12.Bxe7 Qxe7 13.e4 f5 14.e5 g5 15.h3 Rf7 16.Ne2
Nf8 17.g3 Rg7 18.a3 a5 19.Qe3 Nc7 20.Kd2 Bd7 21.Rcg1 Be8 22.Ne1 Ra7 23.f3 Bg6
24.Nd3 Ne8 25.Rh2 h5 26.h4 g4 27.fxg4 fxg4 28.Nef4 Bf7 29.Rf2 Nc7 30.Rgf1 Nd7
31.Ne2 Qe8 32.Rf6 Bg6 33.Qh6 Be4 34.Nef4 Rh7 35.Qg5+ Kh8 36.Rh6 Ra8 37.Nxh5
Qg8 38.Qe3 Rf8 39.Nf6 Nxf6 40.Rhxf6 Rff7 41.Rxf7 Rxf7 42.Qh6+ Qh7 43.Qxh7+
Rxh7 44.Bc2 Kg8 45.Bd1 Rg7 46.Rf4 {#r} 1-0

[Event "ch-CZE 2017"]
[Site "Ostrava CZE"]
[Date "2017.05.06"]
[Round "8.13"]
[White "Vykouk,Jan"]
[Black "Caletka,R"]
[Result "1-0"]
[WhiteElo "2424"]
[BlackElo "2349"]

1.e4 c6 2.d4 d5 3.Nd2 dxe4 4.Nxe4 Nd7 5.Ng5 Ngf6 6.Bd3 e6 7.N1f3 Bd6 8.Qe2 h6
9.Ne4 Nxe4 10.Qxe4 Qc7 11.O-O b6 12.Qg4 Kf8 13.b3 Bb7 14.Re1 Nf6 15.Qh3 Kg8
16.c4 Rd8 17.Bb2 Be7 18.Ne5 Qc8 19.Re3 c5 20.dxc5 Bxc5 21.Rg3 Bd4 22.Qh4 Ne4
23.Bxe4 Bxe4 24.Rd1 Bxf2+ 25.Kxf2 Rxd1 26.Rxg7+ Kxg7 27.Nd7+ Kh7 28.Nf6+ Kg7
29.Nxe4+ e5 30.Qf6+ Kg8 31.Qxe5 f6 32.Nxf6+ Kf7 33.Qh5+ Ke6 34.Qxd1 Qc5+
35.Kf1 Rf8 36.Qd7# 1-0

[Event "ch-CZE 2017"]
[Site "Ostrava CZE"]
[Date "2017.05.06"]
[Round "8.14"]
[White "Roubalik,J"]
[Black "Jurek,J"]
[Result "1-0"]
[WhiteElo "2397"]
[BlackElo "2277"]

1.d4 e6 2.Nf3 Nf6 3.c4 b6 4.a3 Ba6 5.Qc2 c5 6.e4 cxd4 7.e5 Ng8 8.Nxd4 Ne7
9.Nc3 Nbc6 10.Ne4 Ng6 11.Nxc6 dxc6 12.f4 Qd4 13.Bd2 O-O-O 14.O-O-O Be7 15.Be2
f5 16.exf6 gxf6 17.Kb1 f5 18.Ng5 Bxg5 19.fxg5 Rhe8 20.Bc3 Qf4 21.Bf6 Rxd1+
22.Rxd1 Qxh2 23.Qa4 Bb7 24.Qxa7 Qc7 25.c5 b5 26.a4 Nf4 27.a5 Nxe2 28.a6 Bxa6
29.Qa8+ {#r} 1-0

[Event "ch-CZE 2017"]
[Site "Ostrava CZE"]
[Date "2017.05.06"]
[Round "8.16"]
[White "Sobek,J"]
[Black "Rabatin,J"]
[Result "1-0"]
[WhiteElo "2202"]
[BlackElo "2286"]

1.d4 Nf6 2.c4 e6 3.Nc3 Bb4 4.Bd2 d5 5.Qa4+ Nc6 6.e3 O-O 7.Nf3 a6 8.Bd3 Bd7
9.Qc2 Bd6 10.a3 dxc4 11.Bxc4 e5 12.dxe5 Nxe5 13.Nxe5 Bxe5 14.f4 Bxc3 15.Bxc3
Ng4 16.O-O-O Nxe3 17.Qe4 Nxd1 18.Rxd1 Bc6 19.Qf5 Qh4 20.Rd3 Qh6 21.Rg3 Rae8
22.Bxg7 Qxg7 23.Rxg7+ Kxg7 24.Bd3 h6 25.Qh7+ Kf6 26.Qxh6+ Ke7 27.Qg5+ f6
28.Qc5+ Kd8 29.Bf5 Rg8 30.g4 Rh8 31.Qd4+ Ke7 32.g5 fxg5 33.fxg5 Ref8 34.g6
Rhg8 35.Qe5+ Kd8 36.h4 {#r} 1-0

[Event "ch-CZE 2017"]
[Site "Ostrava CZE"]
[Date "2017.05.06"]
[Round "8.19"]
[White "Freisler,P"]
[Black "Vavra,P1"]
[Result "1-0"]
[WhiteElo "2256"]
[BlackElo "2390"]

1.Nf3 d5 2.c4 d4 3.e3 Nc6 4.exd4 Nxd4 5.Nxd4 Qxd4 6.Nc3 c6 7.d3 Nh6 8.Be3 Qd8
9.d4 Nf5 10.Qd2 g6 11.Be2 Bg7 12.Rd1 O-O 13.O-O Nxe3 14.Qxe3 Qb6 15.Na4 Qb4
16.b3 b6 17.Bf3 Bb7 18.d5 cxd5 19.Bxd5 Rab8 20.Rd3 Ba6 21.Rfd1 Qa3 22.R3d2
Rbc8 23.Qf3 b5 24.cxb5 Bxb5 25.Qe4 Rc1 26.g3 e6 27.Bb7 Rxd1+ 28.Rxd1 Qxa2
29.Nc5 Qb2 30.b4 Bc3 31.Bc6 Bxc6 32.Qxc6 Qxb4 33.Nd7 Rd8 34.Qc7 Qe7 35.Qxc3
{#r} 1-0

[Event "ch-CZE 2017"]
[Site "Ostrava CZE"]
[Date "2017.05.06"]
[Round "8.25"]
[White "Postupa,P2"]
[Black "Ockay,T"]
[Result "1-0"]
[WhiteElo "2202"]
[BlackElo "2107"]

1.e4 c6 2.d4 d5 3.e5 Bf5 4.Nf3 e6 5.Be2 c5 6.O-O Nc6 7.c3 a6 8.Be3 c4 9.Ne1 h5
10.b3 cxb3 11.axb3 g6 12.c4 Bh6 13.Nc3 Bxe3 14.fxe3 Nge7 15.Nd3 dxc4 16.Nc5
Qc7 17.Nb5 Qb6 18.Nd6+ Kd8 19.Nxf7+ Kc7 20.Nxh8 Rxh8 21.bxc4 Rd8 22.Na4 Qb4
23.Qe1 Qb3 24.Rf3 Bg4 25.Nc5 Nxd4 {#r} 1-0

[Event "ch-CZE 2017"]
[Site "Ostrava CZE"]
[Date "2017.05.06"]
[Round "8.27"]
[White "Kabelka,Ondrej"]
[Black "Didi,J"]
[Result "1-0"]
[WhiteElo "2069"]
[BlackElo "2050"]

1.d4 d5 2.c4 e6 3.Nf3 Nf6 4.g3 Be7 5.Bg2 O-O 6.O-O c5 7.cxd5 exd5 8.Nc3 Nc6
9.dxc5 Bxc5 10.Na4 Be7 11.Be3 Be6 12.Rc1 h6 13.Nc5 Bxc5 14.Bxc5 Re8 15.Nd4 Bg4
16.Re1 Qd7 17.Nxc6 bxc6 18.Be3 Bh3 19.Bh1 Re6 20.Qd4 a6 21.b4 Rae8 22.Bf3 h5
23.Rc5 Ne4 24.Ra5 h4 25.Bf4 g5 26.Bc1 g4 27.Bb2 Nf6 28.Qf4 Qd6 29.Qxd6 Rxd6
30.Bh1 hxg3 31.hxg3 Rde6 32.e3 Rb8 33.a3 Nd7 34.Bd4 Rb5 35.Rxa6 Ne5 36.Bxe5
Rxe5 37.Rxc6 d4 38.e4 f5 39.Rd6 fxe4 40.Rxd4 Rb7 41.Rdxe4 Rxe4 42.Bxe4 Rd7
43.b5 {#r} 1-0

[Event "ch-CZE 2017"]
[Site "Ostrava CZE"]
[Date "2017.05.06"]
[Round "8.28"]
[White "Malinovsky,P"]
[Black "Solc,Filip"]
[Result "1-0"]
[WhiteElo "2024"]
[BlackElo "2005"]

1.d4 Nf6 2.c4 c5 3.d5 e6 4.Nc3 exd5 5.cxd5 d6 6.Nf3 g6 7.Bf4 a6 8.a4 Bg7 9.h3
O-O 10.e3 Qe7 11.Be2 Nbd7 12.O-O Ne8 13.Bh2 Ne5 14.Nd2 Rb8 15.f4 Nd7 16.e4 Nc7
17.Qc2 b5 18.axb5 Nxb5 19.Nxb5 axb5 20.Nb3 Re8 21.Bf3 Qd8 22.Kh1 c4 23.Na5 Bb7
24.Nxb7 Rxb7 25.e5 dxe5 26.d6 Rb6 27.Ra8 Nb8 28.fxe5 Bxe5 29.Bd5 Bf6 30.Qf2
Kg7 31.Rxb8 Rxb8 32.d7 Re5 33.Bxe5 Bxe5 34.Qxf7+ Kh8 35.Re1 {#r} 1-0

[Event "Ostravsky Konik Open A"]
[Site "Ostrava CZE"]
[Date "2017.05.06"]
[Round "8.2"]
[White "Zylka,Stanislaw"]
[Black "Muzik,M"]
[Result "1-0"]
[WhiteElo "2305"]
[BlackElo "2124"]

1.e4 d6 2.d4 Nf6 3.Nc3 e5 4.Nf3 Nbd7 5.Bc4 Be7 6.O-O O-O 7.Re1 c6 8.a4 a5 9.h3
Nb6 10.Bf1 Nfd7 11.b3 exd4 12.Nxd4 Nc5 13.Qd2 Bf6 14.Ba3 Re8 15.Rad1 g6 16.g3
Bg7 17.Nxc6 Qf6 18.Nd4 Bd7 19.Bg2 Rac8 20.Ncb5 {#r} 1-0

[Event "ch-LAT 2017"]
[Site "Riga LAT"]
[Date "2017.05.06"]
[Round "9.4"]
[White "Berzinsh,R"]
[Black "Meskovs,N"]
[Result "1-0"]
[WhiteElo "2428"]
[BlackElo "2510"]

1.d4 Nf6 2.Bf4 g6 3.Nc3 d5 4.Qd2 Bg7 5.Bh6 O-O 6.Bxg7 Kxg7 7.O-O-O c5 8.e3 Nc6
9.dxc5 Qa5 10.Bb5 e5 11.Bxc6 bxc6 12.f4 Qxc5 13.fxe5 Ng4 14.Nf3 Re8 15.e4 Rb8
16.Rhe1 Rb4 17.Nd4 Nxe5 18.exd5 Rxb2 19.Na4 Qa3 20.Nxb2 Nc4 21.Nf5+ Bxf5
22.Qd4+ {#r} 1-0

[Event "ch-LAT 2017"]
[Site "Riga LAT"]
[Date "2017.05.06"]
[Round "9.5"]
[White "Meijers,V"]
[Black "Krustkalns,K"]
[Result "1-0"]
[WhiteElo "2490"]
[BlackElo "2201"]

1.c4 e5 2.b3 Nc6 3.Bb2 g6 4.g3 Bg7 5.Bg2 d6 6.Nc3 f5 7.e3 Nf6 8.Nge2 O-O 9.d4
Bd7 10.a3 a6 11.b4 Qe8 12.Nd5 Nxd5 13.cxd5 Ne7 14.dxe5 dxe5 15.Rc1 Rc8 16.h4
Bb5 17.h5 g5 18.f4 h6 19.fxe5 f4 20.exf4 Bxe2 21.Qxe2 gxf4 22.O-O fxg3
23.Rxf8+ Qxf8 24.Rf1 Qd8 25.Qg4 {#r} 1-0

[Event "ch-LAT 2017"]
[Site "Riga LAT"]
[Date "2017.05.06"]
[Round "9.6"]
[White "Stepins,E"]
[Black "Krivonosov,O"]
[Result "1-0"]
[WhiteElo "2248"]
[BlackElo "2448"]

1.d4 d5 2.c4 e6 3.Nf3 Nf6 4.Nc3 Be7 5.g3 O-O 6.Bg2 Nbd7 7.cxd5 exd5 8.O-O c6
9.a3 Nb6 10.Ne5 Bf5 11.Qb3 Bd6 12.a4 Rb8 13.a5 Nbd7 14.f4 a6 15.h3 Be4 16.Nxe4
Nxe4 17.Kh2 Qe7 18.Be3 f5 19.Bxe4 fxe4 20.Bd2 Qe6 21.Bb4 Bxb4 22.Nxd7 Qxd7
23.Qxb4 Rf6 24.e3 Rbf8 25.g4 Qc7 26.Kg2 h5 27.Qe1 Kf7 28.Qg3 hxg4 29.hxg4 Rh6
30.g5 Rh5 31.g6+ Ke7 32.Rh1 Rxh1 33.Rxh1 Qd6 34.Rh7 Qf6 35.Qg4 Kd6 36.Qh5 Ke6
37.Kg3 c5 38.dxc5 Qxb2 39.Qg4+ Ke7 40.Qg5+ Ke6 41.Rh5 Kd7 42.Qxd5+ Kc8 43.Qe6+
{#r} 1-0

[Event "ch-LAT 2017"]
[Site "Riga LAT"]
[Date "2017.05.06"]
[Round "9.7"]
[White "Semjonovs,Ilja"]
[Black "Starostits,I"]
[Result "0-1"]
[WhiteElo "2122"]
[BlackElo "2409"]

1.e4 c5 2.Nf3 d6 3.d4 cxd4 4.Nxd4 Nf6 5.Nc3 g6 6.Be3 Bg7 7.f3 Nc6 8.Qd2 h5
9.O-O-O Bd7 10.Kb1 Rc8 11.h3 a6 12.f4 b5 13.Bd3 Qc7 14.Qf2 Qb7 15.Rdf1 O-O
16.g4 Nxd4 17.Bxd4 b4 18.Nd5 Nxd5 19.exd5 Qxd5 20.Bxg7 Kxg7 21.f5 Bb5 22.f6+
exf6 23.Qxf6+ Kg8 24.Bxb5 axb5 25.gxh5 Qxh5 26.Rhg1 Qe5 27.Qf3 d5 28.h4 Qe4
29.Qf2 d4 30.Rg3 Qxh4 31.Rfg1 Rc6 32.b3 Qe4 33.Rh3 Rfc8 34.Rgh1 Qxc2+ 35.Qxc2
Rxc2 36.Rh8+ Kg7 37.R8h7+ Kf8 38.Rh8+ Ke7 39.R8h4 d3 40.a3 bxa3 41.b4 a2+
42.Ka1 Rc1+ {#R} 0-1

[Event "ch-LAT 2017"]
[Site "Riga LAT"]
[Date "2017.05.06"]
[Round "9.10"]
[White "Klimakovs,S"]
[Black "Skuja,A"]
[Result "1-0"]
[WhiteElo "2300"]
[BlackElo "2099"]

1.e4 c5 2.Nf3 d6 3.d4 cxd4 4.Nxd4 Nf6 5.Nc3 g6 6.Be3 Bg7 7.f3 O-O 8.Qd2 Nc6
9.O-O-O Nxd4 10.Bxd4 Be6 11.Kb1 Qc7 12.g4 Rfc8 13.h4 Qa5 14.a3 h5 15.gxh5 Nxh5
16.Bxg7 Kxg7 17.Rg1 Qe5 18.Rg5 Qf4 19.Qf2 Rxc3 20.bxc3 Rc8 21.Kb2 b6 22.Rd4
Qf6 23.Ba6 Rc7 24.Qe3 Rc5 25.Rb4 Kh7 26.Rb5 Qh8 27.f4 f6 28.Rg1 Ng7 29.Rxc5
bxc5 30.f5 Bf7 31.Bd3 gxf5 32.exf5 Qb8+ 33.Kc1 Ba2 34.Rg6 Qf8 35.c4 {#r} 1-0